[Event "20ème Open de Saint-Affrique"]
[Site "Saint Affrique (11)"]
[Date "2012.07.24"]
[Round "5.62"]
[White "Melchy, Julien"]
[Black "Salgues, Michel"]
[Result "1-0"]
[WhiteElo "1564"]
[BlackElo "1781"]
[PlyCount "65"]
[EventDate "2012.??.??"]

1. e4 c5 2. c3 Nf6 3. e5 Nd5 4. Bc4 Nb6 5. Bb3 d5 6. exd6 Qxd6 7. Na3 Nc6 8.
Nf3 Bg4 9. Nb5 Qb8 10. d4 c4 11. Bc2 a6 12. Na3 e6 13. Qe2 Bxa3 14. bxa3 O-O
15. Bxh7+ Kh8 16. Be4 Nd5 17. Bd2 Qd6 18. h3 Bh5 19. O-O f5 20. Bc2 Rad8 21. g4
fxg4 22. Ne5 Nxe5 23. dxe5 Qe7 24. Qe4 Rf5 25. hxg4 g6 {#} 26. Kg2 Rg8 27. Rh1
Qc5 28. Raf1 Qf8 29. f3 Nf4+ 30. Kf2 Qc5+ 31. Be3 Qxe5 32. Qxe5+ Rxe5 33. Bd4
1-0

[Event "20ème Open de Saint-Affrique"]
[Site "Saint Affrique (11)"]
[Date "2012.07.24"]
[Round "5.63"]
[White "Martineau, Arthur"]
[Black "Heurteaux, Raphael"]
[Result "0-1"]
[WhiteElo "1778"]
[BlackElo "1568"]
[PlyCount "84"]
[EventDate "2012.??.??"]

1. d4 Nf6 2. c4 g6 3. Nc3 Bg7 4. e4 d6 5. Nf3 O-O 6. Be2 Bg4 7. O-O Bxf3 8.
Bxf3 e5 9. Be3 Nbd7 10. d5 Re8 11. b4 Nb6 12. Be2 Qd7 13. c5 Nc8 14. Rc1 a6 15.
f3 Ne7 16. Na4 Nh5 17. cxd6 Qxd6 18. Bc5 Qf6 19. Bc4 b5 20. Bb3 bxa4 21. Bxa4
Rf8 22. Rf2 Bh6 23. Rc3 Rab8 24. Rfc2 Rb7 25. Qf1 Kg7 26. Bc6 Rbb8 27. Qxa6 Ra8
28. Qxa8 Rxa8 29. Bxa8 Qa6 30. Bxe7 Qxa8 31. Bc5 Qb7 32. a4 Nf6 33. b5 Qa8 34.
Rc4 Nd7 35. Bf2 Nb6 36. Rb4 Qa5 37. Be1 Be3+ 38. Kf1 Qa7 39. Rbb2 Qxa4 40. Rxc7
Nc4 41. Rb4 Nd2+ 42. Bxd2 Qd1+ 0-1

[Event "20ème Open de Saint-Affrique"]
[Site "Saint Affrique (11)"]
[Date "2012.07.24"]
[Round "5.72"]
[White "Blanchon, Pascal"]
[Black "Le Guillou, Francois"]
[Result "0-1"]
[WhiteElo "1727"]
[BlackElo "1605"]
[PlyCount "33"]
[EventDate "2012.??.??"]

1. e4 c5 2. Nf3 d6 3. d4 cxd4 4. Nxd4 Nf6 5. Nc3 a6 6. Bg5 Nbd7 7. f4 Qc7 8.
Qf3 b5 9. Bd3 Bb7 10. O-O-O g6 11. Rhe1 Bg7 12. Bf1 O-O 13. Nd5 Nxd5 14. exd5
e6 15. Qh3 Bxd5 16. Kb1 Qa5 17. b3 0-1

[Event "20ème Open de Saint-Affrique"]
[Site "Saint Affrique (11)"]
[Date "2012.07.24"]
[Round "5.78"]
[White "Leost, Joel"]
[Black "Dubertrand, Bernard"]
[Result "1-0"]
[WhiteElo "1487"]
[BlackElo "1650"]
[PlyCount "69"]
[EventDate "2012.??.??"]

1. e4 e5 2. Bc4 Nf6 3. Nc3 Bb4 4. Nge2 c6 5. a3 Ba5 6. b4 Bc7 7. d3 d6 8. O-O
Bg4 9. f3 Bh5 10. Be3 d5 11. exd5 cxd5 12. Bb5+ Nc6 13. Bg5 Qd6 14. Ng3 Bg6 15.
Re1 O-O-O 16. Bxc6 Qxc6 17. Nce2 h5 18. Bh4 Rdg8 19. Nc1 Bh7 20. Bxf6 gxf6 21.
Nxh5 f5 22. Ng3 Qg6 23. Qd2 Rg7 24. Qc3 f4 25. Rxe5 fxg3 26. h3 f6 27. Rxd5 Bg8
28. Rc5 Be6 29. Ne2 Kb8 30. Nd4 Bc8 31. Nb5 Bb6 32. Re1 Bxh3 33. d4 Bxc5 34.
Qxc5 Rc8 35. Qxa7# 1-0

[Event "20ème Open de Saint-Affrique"]
[Site "Saint Affrique (11)"]
[Date "2012.07.24"]
[Round "5.97"]
[White "Cellier-Valencia, Lucie"]
[Black "Izard, Laurent"]
[Result "1-0"]
[WhiteElo "1250"]
[BlackElo "1499"]
[PlyCount "55"]
[EventDate "2012.??.??"]

1. e4 c5 2. Nc3 d6 3. Nf3 g6 4. b3 Nc6 5. Bb2 Bg7 6. Bc4 a6 7. Ng5 e6 8. Qg4
Nf6 9. Qf3 O-O 10. O-O-O b5 11. Bd3 Bd7 12. g4 e5 13. h3 Nd4 14. Qg3 Bc6 15. f3
Re8 16. h4 b4 17. Ne2 Nxe2+ 18. Bxe2 Qa5 19. Kb1 h6 20. Rh2 hxg5 21. hxg5 Nh7
22. Qh3 f6 23. Qxh7+ Kf7 24. Bc4+ d5 25. exd5 Bb5 26. gxf6 Rh8 27. Qxg7+ Ke8
28. Rxh8# 1-0

[Event "20ème Open de Saint-Affrique"]
[Site "Saint Affrique (11)"]
[Date "2012.07.25"]
[Round "6.1"]
[White "Cioara, Andrei-Nestor"]
[Black "Hamdouchi, Hicham"]
[Result "1/2-1/2"]
[WhiteElo "2484"]
[BlackElo "2627"]
[PlyCount "38"]
[EventDate "2012.??.??"]

1. d4 Nf6 2. c4 g6 3. Nc3 Bg7 4. g3 O-O 5. Bg2 d6 6. Nf3 Nbd7 7. O-O e5 8. e4
a6 9. a4 exd4 10. Nxd4 Re8 11. h3 Nc5 12. Re1 a5 13. Ndb5 Be6 14. e5 dxe5 15.
Qxd8 Rexd8 16. Nxc7 Rac8 17. Nxe6 Nxe6 18. b3 Rd3 19. Re3 Rcd8 1/2-1/2

[Event "20ème Open de Saint-Affrique"]
[Site "Saint Affrique (11)"]
[Date "2012.07.25"]
[Round "6.3"]
[White "Ardelean, George-Catalin"]
[Black "Milliet, Sophie"]
[Result "1/2-1/2"]
[WhiteElo "2510"]
[BlackElo "2401"]
[PlyCount "99"]
[EventDate "2012.??.??"]

1. e4 e5 2. Bc4 Nf6 3. Nc3 Nc6 4. d3 Na5 5. Qf3 d6 6. h3 Nxc4 7. dxc4 Be6 8. b3
c6 9. Nge2 Be7 10. O-O O-O 11. Rd1 Qa5 12. Bd2 Qc7 13. Ng3 Rfd8 14. Bg5 h6 15.
Be3 Qa5 16. Bd2 Qc7 17. Nf5 d5 18. cxd5 cxd5 19. exd5 Nxd5 20. Nxd5 Rxd5 21. c4
Rdd8 22. Nxe7+ Qxe7 23. Qg3 Qf6 24. Bc3 Rxd1+ 25. Rxd1 Rd8 26. Rxd8+ Qxd8 27.
Qxe5 Qg5 28. Qb8+ Kh7 29. Kh2 Bd7 30. f3 Bc6 31. Qd6 Qf5 32. Qd2 a6 33. Kg3
Qg5+ 34. Qxg5 hxg5 35. Kf2 Kg6 36. Ke3 f5 37. Be5 g4 38. h4 gxf3 39. gxf3 Kh5
40. Bxg7 Kxh4 41. f4 Kh5 42. Kd4 Kg6 43. Be5 Kf7 44. Kc5 Ke7 45. Kb6 Kd7 46. a4
Kc8 47. Bd6 Be4 48. b4 Bc2 49. a5 Bd3 50. Kc5 1/2-1/2

[Event "20ème Open de Saint-Affrique"]
[Site "Saint Affrique (11)"]
[Date "2012.07.25"]
[Round "6.5"]
[White "Degraeve, Jean-Marc"]
[Black "Iglesias, Joachim"]
[Result "1-0"]
[WhiteElo "2580"]
[BlackElo "2247"]
[PlyCount "53"]
[EventDate "2012.??.??"]

1. e4 c5 2. Nc3 Nc6 3. Bb5 Nd4 4. Bc4 g6 5. Nf3 Bg7 6. Nxd4 cxd4 7. Qf3 Nh6 8.
Ne2 O-O 9. c3 b5 10. Bd5 Rb8 11. cxd4 e6 12. Bb3 f5 13. e5 Bb7 14. d5 Bxe5 15.
d4 Bg7 16. Bf4 Qa5+ 17. Qc3 Qxc3+ 18. Nxc3 Rbe8 19. dxe6 dxe6 20. O-O Kf7 21.
Nxb5 Ba6 22. Nc7 Bxf1 23. Kxf1 Bxd4 24. Nxe6 Bxb2 25. Rd1 Bf6 26. Be3 Re7 27.
Nxf8+ 1-0

[Event "20ème Open de Saint-Affrique"]
[Site "Saint Affrique (11)"]
[Date "2012.07.25"]
[Round "6.6"]
[White "Miellet-Bensan, Yves"]
[Black "Libiszewski, Fabien"]
[Result "0-1"]
[WhiteElo "2218"]
[BlackElo "2505"]
[PlyCount "174"]
[EventDate "2012.??.??"]

1. e4 c5 2. Nc3 Nc6 3. f4 g6 4. Nf3 Bg7 5. g3 d6 6. Bg2 Nh6 7. O-O O-O 8. d3 f5
9. Ne2 Nf7 10. c3 Bd7 11. Be3 Rc8 12. Kh1 b5 13. a3 a5 14. exf5 gxf5 15. d4
cxd4 16. Nfxd4 Nxd4 17. Nxd4 e6 18. Qd3 Rc4 19. h3 a4 20. Rf2 Kh8 21. Re1 Qc8
22. Bd2 Nd8 23. Nf3 Nb7 24. Be3 e5 25. fxe5 dxe5 26. Rd1 Bc6 27. Nh4 f4 28. Ba7
Qxh3+ 29. Kg1 Bxg2 30. Rxg2 fxg3 31. Qxg3 Qxg3 32. Rxg3 Rc7 33. Bb6 Rc6 34. Rd7
Rxb6 35. Rgxg7 Rg8 36. Rxg8+ Kxg8 37. Re7 Nd6 38. Rxe5 Nc4 39. Re2 Rd6 40. Nf5
Rd1+ 41. Kf2 Rb1 42. Nd4 Nxb2 43. Re8+ Kf7 44. Rb8 Nd1+ 45. Ke2 Nxc3+ 46. Kd3
Nd5 47. Rxb5 Rxb5 48. Nxb5 h5 49. Kd4 Nb6 50. Nc3 Kg6 {#} 51. Ke4 Kg5 52. Kf3
Kh4 53. Kg2 Kg4 54. Kh2 h4 55. Kg2 h3+ 56. Kh2 Kh4 57. Ne4 Nc4 58. Nc3 Ne5 59.
Ne4 Nc4 60. Nc3 Ne5 61. Ne4 Nd3 62. Nc3 Nf2 63. Kg1 Kg3 64. Ne2+ Kf3 65. Nd4+
Ke3 66. Ne6 Ng4 67. Kh1 Kf2 68. Ng5 Kg3 69. Ne4+ Kf3 70. Ng5+ Kg3 71. Ne4+ Kf4
72. Nd2 Ne5 73. Kh2 Kg4 74. Ne4 Kf4 75. Nc5 Kg4 76. Ne4 Nf3+ 77. Kh1 Ng5 78.
Nd2 Kg3 79. Nf1+ Kf2 80. Nd2 Kg3 81. Nf1+ Kg4 82. Nd2 Ne6 83. Ne4 Ng5 84. Nd2
Kg3 85. Nf1+ Kf4 86. Nd2 Ne4 87. Nf1 Ng3+ 0-1

[Event "20ème Open de Saint-Affrique"]
[Site "Saint Affrique (11)"]
[Date "2012.07.25"]
[Round "6.7"]
[White "Flear, Glenn C"]
[Black "Domenech, Vianney"]
[Result "1-0"]
[WhiteElo "2476"]
[BlackElo "2200"]
[PlyCount "111"]
[EventDate "2012.??.??"]

1. d4 Nf6 2. c4 c5 3. d5 a6 4. Nf3 b5 5. Nbd2 Qa5 6. Qc2 d6 7. e4 Nbd7 8. Be2
g6 9. b3 Bg7 10. Bb2 O-O 11. O-O Qb6 12. Rfe1 b4 13. h3 Bb7 14. e5 dxe5 15.
Nxe5 Nxe5 16. Bxe5 e6 17. Bf3 Rfe8 18. Rac1 Rad8 19. dxe6 Rxe6 20. Bxb7 Qxb7
21. Bb2 Rde8 22. Rxe6 Rxe6 23. Nf3 Ne4 24. Bxg7 Kxg7 25. Re1 Qe7 26. Kf1 Nc3
27. Rxe6 Qxe6 28. a4 a5 29. Qd3 h6 30. h4 Qe4 31. Qxe4 Nxe4 32. Ke2 Kf6 33. Ke3
Nc3 34. Ne1 Ke5 35. Nd3+ Kd6 36. f4 Nd1+ 37. Kf3 f6 38. g4 g5 39. fxg5 fxg5 40.
h5 Nc3 41. Ke3 Nb1 42. Ke4 Nd2+ {#} 43. Kf5 Nxb3 44. Kg6 Nd2 45. Kxh6 Nxc4 46.
Kxg5 b3 47. h6 Ke7 48. h7 Nd6 49. Ne5 b2 50. h8=Q Nf7+ 51. Nxf7 b1=Q 52. Qf6+
Ke8 53. Ne5 Qc1+ 54. Qf4 Qd1 55. Qf7+ Kd8 56. Qf8+ 1-0

[Event "20ème Open de Saint-Affrique"]
[Site "Saint Affrique (11)"]
[Date "2012.07.25"]
[Round "6.8"]
[White "Petrossian, Armen"]
[Black "Vanderbeeken, Mikael"]
[Result "1-0"]
[WhiteElo "2437"]
[BlackElo "2155"]
[PlyCount "137"]
[EventDate "2012.??.??"]

1. e4 e6 2. d4 d5 3. Nd2 Nf6 4. e5 Nfd7 5. c3 c5 6. Bd3 Nc6 7. Ne2 cxd4 8. cxd4
f6 9. Nf4 Nxd4 10. Qh5+ Ke7 11. exf6+ Nxf6 12. Ng6+ hxg6 13. Qxh8 Kf7 14. O-O
e5 15. Nb3 Nxb3 16. axb3 Bf5 17. Bxf5 gxf5 18. Bg5 Bc5 19. Qh3 g6 20. Bxf6 Qxf6
21. Qh7+ Qg7 22. Qxg7+ Kxg7 23. Ra5 b6 24. Ra6 b5 25. Re6 Bd4 26. Rd6 Bxb2 27.
Rxd5 Rb8 28. Rd7+ Kf6 29. Rxa7 Rb6 30. Rd1 b4 31. Kf1 Bd4 32. f4 Rc6 33. fxe5+
Bxe5 34. Rb7 Bc3 35. Rdd7 Kg5 36. g3 Ra6 37. Kg2 Kg4 38. h3+ Kg5 39. Ra7 Rc6
40. Ra2 Be5 41. Rd5 Bg7 42. Rad2 Rc3 43. R2d3 Rc2+ 44. Rd2 Rc3 45. R5d3 Rc1 46.
Re2 Rc6 47. Kf3 Bc3 48. Re8 Ra6 49. h4+ Kh6 50. Re7 g5 51. Rde3 g4+ 52. Kf4 Bd2
53. Kxf5 Bxe3 54. Rxe3 Kh5 55. Re4 Ra8 56. Re5 Rf8+ 57. Ke4+ Kh6 58. Rd5 Rf3
59. Rd3 Rf8 60. Kd4 Kh5 61. Re3 Rc8 62. Re5+ Kh6 63. Re3 Rc7 64. Ke4 Rf7 65.
Rd3 Rf6 66. Ke5 Rf3 67. Kd4 Rf8 68. Kc4 Rb8 69. Rd6+ 1-0

[Event "20ème Open de Saint-Affrique"]
[Site "Saint Affrique (11)"]
[Date "2012.07.25"]
[Round "6.9"]
[White "Karpatchev, Aleksandr"]
[Black "Debray, Tristan"]
[Result "1-0"]
[WhiteElo "2431"]
[BlackElo "2148"]
[PlyCount "95"]
[EventDate "2012.??.??"]

1. e4 Nf6 2. Nc3 d5 3. e5 d4 4. Nce2 Ng4 5. f4 c5 6. Ng3 g6 7. Bc4 Nc6 8. Ne4
Qa5 9. c3 Bf5 10. Ng3 e6 11. Nxf5 gxf5 12. Nf3 O-O-O 13. Qe2 a6 14. h3 Nh6 15.
a4 b5 16. Ba2 d3 17. Qf2 c4 18. b4 Qc7 19. axb5 axb5 {#} 20. Bxc4 bxc4 21. b5
Nb8 22. Ba3 Bxa3 23. Rxa3 Rd5 24. Nd4 Ng8 25. O-O Ne7 26. Rb1 Qb6 27. Rb4 Rhd8
28. Rxc4+ Kb7 29. Rca4 Rxd4 30. cxd4 Rd5 31. Qh4 Rxd4 32. Ra7+ Kc8 33. Kh2 Rd7
34. Rxd7 Kxd7 35. Rxd3+ Nd5 36. Qf6 Qxb5 37. Qxf7+ Kd8 38. Rg3 Ne7 39. Qxe6
Nbc6 40. Ra3 Qf1 41. Qd6+ Kc8 42. e6 Qc4 43. Rc3 Qa4 44. Qxe7 Qxf4+ 45. Kg1
Qd4+ 46. Kh1 Kb8 47. Qe8+ Ka7 48. Qxc6 1-0

[Event "20ème Open de Saint-Affrique"]
[Site "Saint Affrique (11)"]
[Date "2012.07.25"]
[Round "6.10"]
[White "Carmaciu, Lucian-Catalin"]
[Black "Duff, Rufus"]
[Result "1-0"]
[WhiteElo "2386"]
[BlackElo "2141"]
[PlyCount "51"]
[EventDate "2012.??.??"]

1. e4 e5 2. Nf3 Nc6 3. Bc4 Bc5 4. d3 Nf6 5. Bb3 a6 6. c3 Ba7 7. Nbd2 O-O 8. h3
d6 9. Nf1 d5 10. Qe2 h6 11. g4 dxe4 12. dxe4 Na5 13. g5 hxg5 14. Bxg5 Nxb3 15.
axb3 Qd6 16. Ng3 Ne8 17. Rd1 Qe6 18. Nf5 f6 {#} 19. Rg1 Qf7 20. Nh6+ gxh6 21.
Bxh6+ Kh7 22. Bxf8 Qxf8 23. Rd8 Qf7 24. Nh4 Rb8 25. Ng6 Ng7 26. Rh8# 1-0

[Event "20ème Open de Saint-Affrique"]
[Site "Saint Affrique (11)"]
[Date "2012.07.25"]
[Round "6.14"]
[White "Mania, Clement"]
[Black "Saada, Julien"]
[Result "1-0"]
[WhiteElo "2137"]
[BlackElo "2315"]
[PlyCount "119"]
[EventDate "2012.??.??"]

1. f4 d5 2. Nf3 Nf6 3. g3 g6 4. Bg2 Bg7 5. O-O O-O 6. d3 Nc6 7. c3 d4 8. cxd4
Nxd4 9. Nc3 Nxf3+ 10. Bxf3 c6 11. d4 Bh3 12. Re1 Qb6 13. e3 h5 14. Qc2 Rac8 15.
Kh1 Rfd8 16. Bd2 e6 17. Na4 Qc7 18. Bc3 h4 19. gxh4 Bg4 20. Bxg4 Nxg4 21. Qg2
Nf6 22. Nc5 Rd5 23. Rg1 Rh5 {#} 24. d5 exd5 25. Ne6 Qe7 26. Nxg7 Kxg7 27. f5
Rxh4 28. fxg6 Qe4 29. Bxf6+ Kxf6 30. Raf1+ Ke6 31. Qxe4+ Rxe4 32. Rxf7 Rxe3 33.
Rxb7 Rg8 34. Rxa7 d4 35. g7 Re2 36. Rd1 c5 37. b4 Kd5 38. bxc5 Kxc5 39. a4 Re4
40. Rd7 Rg4 41. Rc1+ Kb6 42. Rg1 Rf4 43. Kg2 Kc6 44. Ra7 d3 45. Kg3 Rd4 46. Kf3
Rh4 47. Ke3 Rh3+ 48. Rg3 Rxh2 49. Kxd3 Ra2 50. Rg6+ Kc5 51. Ke3 Ra1 52. Ra5+
Kb4 53. Rf5 Re1+ 54. Kf4 Re7 55. Rfg5 Kxa4 56. Kg4 Re1 57. Kf5 Re7 58. Kf6 Rb7
59. Rh5 Rbb8 60. Rg4+ 1-0

[Event "20ème Open de Saint-Affrique"]
[Site "Saint Affrique (11)"]
[Date "2012.07.25"]
[Round "6.15"]
[White "Saez, Frederic"]
[Black "Maupin, Valerie"]
[Result "0-1"]
[WhiteElo "2283"]
[BlackElo "2024"]
[PlyCount "84"]
[EventDate "2012.??.??"]

1. d4 d5 2. c4 e6 3. Nc3 Nf6 4. Bg5 Nbd7 5. cxd5 exd5 6. Nf3 c6 7. e3 Be7 8.
Bd3 O-O 9. Qc2 Re8 10. O-O Nf8 11. Ne5 Ng4 12. Bxe7 Qxe7 13. Nxg4 Bxg4 14. Rae1
Qh4 15. f4 Re7 16. h3 Bd7 17. f5 Rae8 18. Nd1 h5 19. f6 Re6 20. fxg7 Kxg7 21.
Re2 Rf6 22. Rxf6 Qxf6 23. Rf2 Qg5 24. Rf3 Ng6 25. Qf2 Qe7 26. Nc3 Be6 27. Ne2
Rg8 28. Ng3 Rh8 29. Rf5 {#} 29... h4 30. Nh5+ Kh6 31. g4 Bxf5 32. Qxf5 Qxe3+
33. Kh2 Re8 34. Qxf7 Qd2+ 35. Kh1 Re1+ 36. Bf1 Qxd4 37. Kg2 Qxb2+ 38. Kg1 Qc3
39. Qf5 Qc1 40. Nf6 Rxf1+ 41. Qxf1 Qxf1+ 42. Kxf1 Nf4 0-1

[Event "20ème Open de Saint-Affrique"]
[Site "Saint Affrique (11)"]
[Date "2012.07.25"]
[Round "6.16"]
[White "Clement, Olivier"]
[Black "Buscara, Sevan"]
[Result "1-0"]
[WhiteElo "2071"]
[BlackElo "2334"]
[PlyCount "111"]
[EventDate "2012.??.??"]

1. d4 Nf6 2. c4 e6 3. Nc3 Bb4 4. Qc2 O-O 5. a3 Bxc3+ 6. Qxc3 d6 7. Nf3 b6 8. g3
Bb7 9. Bg2 Nbd7 10. O-O Qe7 11. b4 a6 12. Bb2 Rac8 13. Rfd1 c5 14. dxc5 bxc5
15. Rac1 cxb4 16. axb4 a5 17. b5 Nc5 18. Ba3 Nfe4 19. Qe3 f5 20. Nd2 Nxd2 21.
Qxd2 Bxg2 22. Kxg2 Ne4 23. Qd4 Rfd8 24. f3 Nc5 25. Qc3 Qa7 26. Qe3 Kf7 27. Rd2
Qe7 28. Rcd1 Nb7 29. Qf4 g5 30. Qd4 Kg6 31. e4 Qf7 32. Qc3 fxe4 33. fxe4 e5 34.
Bxd6 Rxc4 35. Qxe5 Re8 36. Qf5+ Qxf5 37. exf5+ Kxf5 38. Rd5+ Kg6 39. Be5 Rc2+
40. Kf3 Rxh2 41. Rc1 Rf8+ 42. Ke3 Rhf2 43. g4 R8f3+ 44. Ke4 h5 45. Rc6+ Kh7 46.
gxh5 g4 47. Rc7+ Rf7 48. Rc8 Re2+ 49. Kd3 Rxe5 50. Rxe5 a4 51. b6 a3 52. Rc7
Rg7 53. Rxg7+ Kxg7 54. Re7+ Kh6 55. Rxb7 g3 56. Ke3 1-0

[Event "20ème Open de Saint-Affrique"]
[Site "Saint Affrique (11)"]
[Date "2012.07.25"]
[Round "6.27"]
[White "Lewis, John"]
[Black "Briancon, Jacques"]
[Result "0-1"]
[WhiteElo "2118"]
[BlackElo "1885"]
[PlyCount "96"]
[EventDate "2012.??.??"]

1. d4 Nf6 2. Nf3 g6 3. c4 Bg7 4. Nc3 O-O 5. e4 d6 6. Be2 Re8 7. O-O Nbd7 8. e5
dxe5 9. dxe5 Ng4 10. e6 Nde5 11. exf7+ Nxf7 12. Qb3 c6 13. c5 Nf6 14. Bc4 e6
15. Ng5 Nd5 16. Nge4 Ne5 17. Nd6 Re7 18. Be2 b6 19. Nce4 h6 20. Qg3 bxc5 {#}
21. Bxh6 Bxh6 22. Nxc8 Rxc8 23. Qxe5 Bf4 24. Nf6+ Kf7 25. Qe4 Kxf6 26. Rad1 Rb8
27. Rd3 Rb4 28. Qf3 Kg7 29. g3 Be5 30. b3 Rf7 31. Qg2 Bd4 32. Bf3 Qf6 33. Re1
Qf5 34. Red1 e5 35. R1d2 a5 36. Kh1 a4 37. Be4 Qf6 38. h4 axb3 39. axb3 c4 40.
bxc4 Rxc4 41. Rf3 Qe6 42. Rdd3 Rc1+ 43. Kh2 Nf6 44. Rd2 Ng4+ 45. Kh3 Rh1+ 46.
Qxh1 Nxf2+ 47. Kg2 Nxh1 48. Rxf7+ Kxf7 0-1

[Event "20ème Open de Saint-Affrique"]
[Site "Saint Affrique (11)"]
[Date "2012.07.25"]
[Round "6.39"]
[White "Lopez, Gerard"]
[Black "Grosse, Ludovic"]
[Result "0-1"]
[WhiteElo "1974"]
[BlackElo "1747"]
[PlyCount "86"]
[EventDate "2012.??.??"]

1. e4 c5 2. Nf3 d6 3. d4 cxd4 4. Nxd4 Nf6 5. Nc3 g6 6. Be3 Bg7 7. f3 O-O 8. Qd2
Nc6 9. Bc4 Bd7 10. O-O-O Rc8 11. Bb3 Nxd4 12. Bxd4 b5 13. Nd5 Nxd5 14. Bxg7
Kxg7 15. Bxd5 Qb6 16. h4 h5 17. Bb3 a5 18. a3 Rc7 19. Qd4+ Qxd4 20. Rxd4 Rfc8
21. c3 Kf6 22. f4 Be6 23. Bxe6 Kxe6 24. Rhd1 Rc4 25. Kc2 b4 26. Kb3 {#} 26...
a4+ 27. Kc2 bxc3 28. Rxc4 Rxc4 29. Kd3 d5 30. bxc3 Rxe4 31. g3 Rc4 32. Re1+ Kd6
33. Rb1 Re4 34. Rb4 Kc5 35. Rb8 Re1 36. Rc8+ Kd6 37. Ra8 Rg1 38. Rxa4 Rxg3+ 39.
Kc2 Rg4 40. Rd4 Kc5 41. Kb3 e5 42. fxe5 Rxd4 43. cxd4+ Kxd4 0-1

[Event "20ème Open de Saint-Affrique"]
[Site "Saint Affrique (11)"]
[Date "2012.07.25"]
[Round "6.43"]
[White "Vignette, Jeanne"]
[Black "Colin-Khuu, Vincent"]
[Result "1-0"]
[WhiteElo "1682"]
[BlackElo "1944"]
[PlyCount "67"]
[EventDate "2012.??.??"]

1. e4 d6 2. d4 Nf6 3. Nc3 g6 4. Bg5 Bg7 5. Be2 c6 6. Qd2 h6 7. Bh4 b5 8. a3
Nbd7 9. f4 O-O 10. Nf3 a5 11. e5 Ne8 12. Ne4 d5 13. Nf2 Nc7 14. Bd3 c5 15. c3
b4 16. axb4 c4 17. Bc2 axb4 18. Rxa8 bxc3 19. bxc3 Nxa8 20. e6 fxe6 21. Bxg6
Nf6 22. Ne5 Qc7 23. O-O Nb6 24. Neg4 Nbd7 25. f5 h5 26. Nh6+ Bxh6 27. Qxh6 e5
28. Nh3 Qb6 29. Ng5 exd4 30. Bf2 Ne5 31. Bxd4 Qd6 32. Bxh5 Neg4 33. Bxg4 Nxg4
34. Qh7# 1-0

[Event "20ème Open de Saint-Affrique"]
[Site "Saint Affrique (11)"]
[Date "2012.07.25"]
[Round "6.49"]
[White "Noireaut, Hung"]
[Black "Melchy, Julien"]
[Result "0-1"]
[WhiteElo "1895"]
[BlackElo "1564"]
[PlyCount "84"]
[EventDate "2012.??.??"]

1. e4 c5 2. Nc3 e6 3. g3 d5 4. d3 Nc6 5. Bg2 Nf6 6. exd5 exd5 7. Bg5 d4 8. Qe2+
Be6 9. Ne4 Be7 10. Bxf6 Bxf6 11. Nxc5 Qa5+ 12. Qd2 Qxc5 13. Ne2 Bd5 14. O-O
Bxg2 15. Kxg2 Qd5+ 16. f3 O-O 17. c4 dxc3 18. bxc3 Bg5 19. Qc2 Ne5 20. h4 Bf6
21. Nf4 Qc6 22. d4 Nc4 23. Rfe1 Rfe8 24. Qd3 b5 25. Re4 Nd6 26. Ree1 Rac8 27.
Rxe8+ Rxe8 28. Nh5 Nc4 29. a4 a6 30. axb5 axb5 31. d5 Qd6 32. Rb1 Qxd5 33.
Nxf6+ gxf6 34. Qd4 Qxd4 35. cxd4 Re2+ 36. Kh3 Rb2 37. Re1 Kf8 38. Kg4 Nd6 39.
Kh5 Kg7 40. Rd1 b4 41. g4 b3 42. g5 f5 0-1

[Event "20ème Open de Saint-Affrique"]
[Site "Saint Affrique (11)"]
[Date "2012.07.25"]
[Round "6.91"]
[White "Boyd, Christopher"]
[Black "De Baralle, Michel"]
[Result "0-1"]
[WhiteElo "1210"]
[BlackElo "1557"]
[PlyCount "64"]
[EventDate "2012.??.??"]

1. c4 d5 2. b3 $144 c6 3. d4 Nf6 4. Nc3 e6 5. Nf3 Be7 6. Bf4 (6. Bb2) 6... Nbd7
7. e3 Bb4 8. Qc2 Qa5 9. Rc1 Ne4 10. Bd3 Bxc3+ 11. Ke2 O-O 12. Bxe4 dxe4 13.
Qxc3 Qxc3 14. Rxc3 exf3+ 15. gxf3 Nf6 16. Rg1 Re8 17. Bh6 g6 18. Bg5 Nh5 19. h4
f6 20. Bh6 Bd7 21. Rd3 Rad8 22. d5 cxd5 23. cxd5 Bb5 24. e4 Bxd3+ 25. Kxd3 exd5
26. e5 fxe5 27. Bg5 Rc8 28. Rg4 Rf8 29. Ke3 Rc3+ 30. Ke2 Rcxf3 31. Be7 Rxf2+
32. Kd1 R8f3 0-1

[Event "20ème Open de Saint-Affrique"]
[Site "Saint Affrique (11)"]
[Date "2012.07.26"]
[Round "7.1"]
[White "Hamdouchi, Hicham"]
[Black "Degraeve, Jean-Marc"]
[Result "1-0"]
[WhiteElo "2627"]
[BlackElo "2580"]
[PlyCount "55"]
[EventDate "2012.??.??"]

1. e4 d6 2. Nc3 Nf6 3. d4 g6 4. Be3 Bg7 5. h3 c6 6. Nf3 O-O 7. Bd3 Nbd7 8. O-O
e5 9. a4 Re8 10. Re1 b6 11. Qd2 Qc7 12. Bc4 exd4 13. Bxd4 Bb7 14. Rad1 Ne5 15.
Qe2 a6 16. Bb3 Re7 17. a5 b5 18. Nxe5 dxe5 19. Bb6 Qb8 20. Qf3 Qe8 21. Rd6 Nd7
22. Red1 Nxb6 23. axb6 Kh8 24. Qd3 h5 25. Rd7 Bf6 26. Qd6 Kg7 27. Rxe7 Bxe7 28.
Qc7 1-0

[Event "20ème Open de Saint-Affrique"]
[Site "Saint Affrique (11)"]
[Date "2012.07.26"]
[Round "7.4"]
[White "Libiszewski, Fabien"]
[Black "Carmaciu, Lucian-Catalin"]
[Result "1/2-1/2"]
[WhiteElo "2505"]
[BlackElo "2386"]
[PlyCount "33"]
[EventDate "2012.??.??"]

1. e4 c5 2. Nf3 e6 3. d4 cxd4 4. Nxd4 a6 5. Be2 Nf6 6. Nc3 Qc7 7. O-O Nc6 8.
Kh1 Bb4 9. Qd3 Qd6 10. Nxc6 dxc6 11. f4 Qxd3 12. Bxd3 e5 13. fxe5 Nd7 14. Bf4
Bxc3 15. bxc3 Nc5 16. a4 Bg4 17. Be3 1/2-1/2

[Event "20ème Open de Saint-Affrique"]
[Site "Saint Affrique (11)"]
[Date "2012.07.26"]
[Round "7.5"]
[White "Manea, Alexandru"]
[Black "Riff, Jean-Noel"]
[Result "1/2-1/2"]
[WhiteElo "2369"]
[BlackElo "2500"]
[PlyCount "44"]
[EventDate "2012.??.??"]

1. Nf3 Nf6 2. c4 e6 3. Nc3 c5 4. g3 b6 5. Bg2 Bb7 6. O-O a6 7. b3 Be7 8. d4
cxd4 9. Qxd4 Nc6 10. Qf4 Qb8 11. Rd1 O-O 12. Qxb8 Raxb8 13. Bf4 Rbc8 14. Na4
Bd8 15. Be3 b5 16. Nc5 Ba8 17. Nxa6 bxc4 18. bxc4 Na5 19. Bc5 Re8 20. Ne5 Bxg2
21. Kxg2 Ne4 22. Nxd7 Rc6 1/2-1/2

[Event "20ème Open de Saint-Affrique"]
[Site "Saint Affrique (11)"]
[Date "2012.07.26"]
[Round "7.6"]
[White "Milliet, Sophie"]
[Black "Flear, Glenn C"]
[Result "0-1"]
[WhiteElo "2401"]
[BlackElo "2476"]
[PlyCount "124"]
[EventDate "2012.??.??"]

1. e4 e5 2. Nf3 Nc6 3. Bb5 a6 4. Ba4 Nf6 5. O-O b5 6. Bb3 Bb7 7. d3 Bd6 8. a3
h6 9. Nc3 O-O 10. h3 Re8 11. Be3 Bf8 12. Ba2 b4 13. axb4 Nxb4 14. Bb3 d5 15.
exd5 Nbxd5 16. Nxd5 Nxd5 17. Nd2 Kh8 18. Nc4 Rb8 19. Na5 Ba8 20. Qh5 g6 21. Qg4
Re6 22. Ra4 f5 23. Qe2 Bg7 24. Re1 Re8 25. Bd2 e4 26. dxe4 Nb6 27. Raa1 Rxe4
28. Qd1 Bxb2 29. Rxe4 Bxe4 30. Bxh6 Qf6 31. Ra2 Rd8 32. Qe2 Be5 33. Be3 f4 34.
Bxb6 f3 35. Qe1 cxb6 36. Nc4 Qg5 37. g3 Bxg3 38. fxg3 Rd1 39. Qxd1 Qxg3+ 40.
Kf1 Qg2+ 41. Ke1 f2+ 42. Kd2 f1=Q+ 43. Kc1 Qxd1+ 44. Kxd1 Qf1+ 45. Kd2 Bd5 46.
Kc3 Qxh3+ 47. Kd4 Bxc4 48. Bxc4 a5 49. Bd5 Qf5 50. c4 Qf4+ 51. Kd3 Qf1+ 52. Kd4
Qd1+ 53. Ke5 Kg7 54. Rg2 Qa1+ 55. Kd6 Qd4 56. Ke6 a4 57. Rg3 Qc5 58. Rf3 a3 59.
Rf7+ Kh6 60. Rf1 a2 61. Ra1 Qf2 62. c5 Qf5+ 0-1

[Event "20ème Open de Saint-Affrique"]
[Site "Saint Affrique (11)"]
[Date "2012.07.26"]
[Round "7.7"]
[White "Guichard, Pauline"]
[Black "Petrossian, Armen"]
[Result "1-0"]
[WhiteElo "2340"]
[BlackElo "2437"]
[PlyCount "73"]
[EventDate "2012.??.??"]

1. d4 Nf6 2. c4 e6 3. Nf3 Bb4+ 4. Nbd2 O-O 5. a3 Be7 6. e3 b6 7. Bd3 c5 8. O-O
Bb7 9. b3 cxd4 10. exd4 d5 11. Re1 Nbd7 12. Bb2 a5 13. Rc1 h6 14. Ne5 dxc4 15.
bxc4 Nxe5 16. Rxe5 Bd6 17. Re1 Rc8 18. Qe2 Re8 19. h3 Qe7 20. Qe3 Qc7 21. Qe2
Qc6 22. Nf3 Nh5 23. Qc2 Nf4 24. Bh7+ Kh8 25. Be4 Qd7 26. d5 Bxd5 27. Qd2 Bxe4
28. Rxe4 Qc7 29. g3 f5 30. Rd4 Nxh3+ 31. Kg2 Nxf2 32. Rxd6 Ne4 33. Qxh6+ Kg8
34. Qg6 Nxd6 35. Ng5 Qb7+ 36. Kh2 Ne4 37. Qh7+ 1-0